Chicken Soup for the Teenage Soul : (Record no. 5047)
[ view plain ]
| 000 -LEADER | |
|---|---|
| fixed length control field | 00996nam a22002537a 4500 |
| 001 - CONTROL NUMBER | |
| control field | 5047 |
| 003 - CONTROL NUMBER IDENTIFIER | |
| control field | FISKH |
| 005 - DATE AND TIME OF LATEST TRANSACTION | |
| control field | 20241101152400.0 |
| 008 - FIXED-LENGTH DATA ELEMENTS--GENERAL INFORMATION | |
| fixed length control field | 241101b cb ||||| |||| 00| 0 eng d |
| 020 ## - INTERNATIONAL STANDARD BOOK NUMBER | |
| International Standard Book Number | 9780439900386 |
| 040 ## - CATALOGING SOURCE | |
| Original cataloging agency | FISKH |
| Language of cataloging | eng |
| Transcribing agency | FISKH |
| Modifying agency | FISKH |
| 050 ## - LIBRARY OF CONGRESS CALL NUMBER | |
| Classification number | BJ1661.C2965 |
| 082 ## - DEWEY DECIMAL CLASSIFICATION NUMBER | |
| Classification number | 158.1 |
| 100 ## - MAIN ENTRY--PERSONAL NAME | |
| Personal name | Canfield, Jack |
| 245 ## - TITLE STATEMENT | |
| Title | Chicken Soup for the Teenage Soul : |
| Remainder of title | The Real Deal Challenges: Stories about Disses, Losses, Messes, Stresses & More / |
| Statement of responsibility, etc. | by Jack Canfield, Mark Victor Hansen, Deborah Reber |
| 250 ## - EDITION STATEMENT | |
| Edition statement | First Scholastic printing, September 2006 |
| 260 ## - PUBLICATION, DISTRIBUTION, ETC. | |
| Place of publication, distribution, etc. | New York : |
| Name of publisher, distributor, etc. | Scholastic ; |
| Date of publication, distribution, etc. | 2006 . |
| 300 ## - PHYSICAL DESCRIPTION | |
| Extent | 268 pages : |
| Other physical details | color illustrations ; |
| Dimensions | 22 cm . |
| 520 ## - SUMMARY, ETC. | |
| Summary, etc. | Teenagers share stories about some of the challenges they have faced in life and how they survived them. Includes facts, tips, advice, and quizzes. |
| 650 ## - SUBJECT ADDED ENTRY--TOPICAL TERM | |
| Topical term or geographic name entry element | inspirational |
| Form subdivision | non-fiction |
| 700 ## - ADDED ENTRY--PERSONAL NAME | |
| Personal name | Oldfield, Lawna Patterson |
| Relator term | Book designer |
| 942 ## - ADDED ENTRY ELEMENTS (KOHA) | |
| Source of classification or shelving scheme | Dewey Decimal Classification |
| Koha item type | Books |
| Suppress in OPAC | No |
| Withdrawn status | Lost status | Source of classification or shelving scheme | Damaged status | Not for loan | Collection | Home library | Current library | Shelving location | Date acquired | Total Checkouts | Full call number | Barcode | Date last seen | Copy number | Price effective from | Koha item type |
|---|---|---|---|---|---|---|---|---|---|---|---|---|---|---|---|---|
| Dewey Decimal Classification | Non-Fiction | Footprints International School Library Network Toul Kork Campus | Footprints International School Library Network Toul Kork Campus | TTP Secondary Non-Fiction Bookshelves | 11/01/2024 | CAN 158.1 BJ1661.C2965 | FISSE00600 | 11/01/2024 | 1 | 11/01/2024 | Books | |||||
| Dewey Decimal Classification | Non-Fiction | Footprints International School Library Network Toul Kork Campus | Footprints International School Library Network Toul Kork Campus | TTP Secondary Non-Fiction Bookshelves | 11/01/2024 | CAN 158.1 BJ1661.C2965 | FISSE00601 | 11/21/2024 | 2 | 11/01/2024 | Books |
